[Event "Barcelona Sant Marti op-A 22nd"]
[Site "Barcelona"]
[Date "2022.07.19"]
[Round "7"]
[White "Alfara Ayllon, Jose Luis"]
[Black "Gupta, Rajesh RS"]
[Result "0-1"]
[WhiteElo "1955"]
[BlackElo "1652"]
[PlyCount "52"]
[EventDate "2022.07.13"]
[EventType "swiss"]
[EventRounds "9"]
[EventCountry "ESP"]
[SourceTitle "CBM 209 Extra"]
[Source "ChessBase"]
[SourceDate "2022.09.30"]
[SourceVersion "1"]
[SourceVersionDate "2022.09.30"]
[SourceQuality "1"]

1. e4 c5 2. Nf3 d6 3. d4 cxd4 4. Nxd4 Nf6 5. Nc3 a6 6. Be2 e5 7. Nb3 Be7 8. Bg5 0-0 9. Bxf6 Bxf6 10. Qd3 a5 11. Nd5 a4 12. Nd2 Nc6 13. c3 Bg5 14. 0-0-0 Be6 15. h4 Bxd2+ 16. Rxd2 a3 17. b3 Qa5 18. Kb1 f5 19. f3 Kh8 20. Qb5 Bxd5 21. exd5 Qxc3 22. Rc2 Qxc2+ 23. Kxc2 Nd4+ 24. Kd2 Nxb5 25. Bxb5 Ra5 26. Bc4 Rc5 0-1

[Event "Barcelona Sant Marti op 21st"]
[Site "Barcelona"]
[Date "2019.07.20"]
[Round "8"]
[White "Gupta, Rajesh RS"]
[Black "Travesset Sagre, Jan"]
[Result "1/2-1/2"]
[WhiteElo "1626"]
[BlackElo "1922"]
[PlyCount "162"]
[EventDate "2019.07.13"]
[EventType "swiss"]
[EventRounds "9"]
[EventCountry "ESP"]
[SourceTitle "EXT 2020"]
[Source "ChessBase"]
[SourceDate "2019.10.17"]
[SourceVersion "1"]
[SourceVersionDate "2019.10.17"]
[SourceQuality "1"]

1. Nf3 Nf6 2. c4 e6 3. g3 d5 4. Bg2 Be7 5. 0-0 0-0 6. b3 c5 7. Bb2 Nc6 8. cxd5 Nxd5 9. Nc3 Nc7 10. Qb1 e5 11. e3 f5 12. Rd1 Qe8 13. d4 cxd4 14. exd4 e4 15. Ne5 Nxd4 16. Rxd4 Bf6 17. Nxe4 Bxe5 18. Nd6 Qe6 19. Nb5 Nxb5 20. Bd5 Bxd4 21. Bxe6+ Bxe6 22. Bxd4 Nxd4 23. Qd3 Rfd8 24. Qe3 Kf7 25. Rd1 Nc6 26. Re1 Re8 27. Qg5 Nd4 28. Qh5+ Kg8 29. Re3 Nc6 30. Qe2 Nd4 31. Qd3 Rad8 32. Qc3 Nc6 33. f3 Kf7 34. a4 Rd1+ 35. Kf2 Red8 36. b4 R1d2+ 37. Re2 Rxe2+ 38. Kxe2 a6 39. Ke3 Rd5 40. f4 Ne7 41. Kf2 Rd7 42. b5 axb5 43. axb5 Rd5 44. Qa5 Rd7 45. Qc3 Nc8 46. Qe5 Nd6 47. Ke1 Bc4 48. Qc5 Bxb5 49. g4 fxg4 50. Qh5+ Kg8 51. Qxg4 Bc6 52. h4 Re7+ 53. Kd1 Ne4 54. Qc8+ Re8 55. Qc7 Nf6 56. Qa5 Nd5 57. f5 Rf8 58. h5 Rxf5 59. Qd8+ Kf7 60. h6 gxh6 61. Qh8 Nf6 62. Qc8 Kg6 63. Qc7 h5 64. Qg3+ Rg5 65. Qd3+ Be4 66. Qh3 Rg4 67. Ke1 h4 68. Kf2 Rf4+ 69. Ke2 b5 70. Qb3 b4 71. Qe6 Bf5 72. Qd6 Rg4 73. Kf3 h3 74. Qb8 h5 75. Qd6 h4 76. Qb8 Rg3+ 77. Kf4 h2 78. Qd6 h1Q 79. Qxf6+ Kh7 80. Qxf5+ Kg8 81. Qd5+ Qxd5 1/2-1/2

[Event "Barbera del Valles op 42nd"]
[Site "Barbera del Valles"]
[Date "2019.07.04"]
[Round "1"]
[White "Kulkarni, Vinayak"]
[Black "Gupta, Rajesh RS"]
[Result "1-0"]
[WhiteElo "2143"]
[BlackElo "1626"]
[PlyCount "133"]
[EventDate "2019.07.04"]
[EventType "swiss"]
[EventRounds "9"]
[EventCountry "ESP"]
[SourceTitle "CBM 191 Extra"]
[Source "ChessBase"]
[SourceDate "2019.09.30"]
[SourceVersion "1"]
[SourceVersionDate "2019.09.30"]
[SourceQuality "1"]

1. Nf3 Nf6 2. g3 g6 3. Bg2 Bg7 4. 0-0 0-0 5. d4 d6 6. a4 a5 7. Re1 Nbd7 8. e4 e5 9. c3 Re8 10. dxe5 Nxe5 11. Nxe5 dxe5 12. Qxd8 Rxd8 13. Na3 Be6 14. Nb5 Rd7 15. Be3 Ng4 16. Bh3 Rad8 17. Na3 h5 18. f3 Nxe3 19. Bxe6 Rd1 20. Bd5 Rxa1 21. Rxa1 Nxd5 22. Rd1 c6 23. Nc4 b6 24. exd5 cxd5 25. Nxb6 d4 26. cxd4 exd4 27. Rd3 Rb8 28. Nc4 Rc8 29. b3 Rc5 30. Kg2 f5 31. f4 Rd5 32. Kf3 Kf7 33. Ke2 Ke6 34. Rd1 Bf8 35. Kd3 Bb4 36. Rc1 Bc3 37. Rc2 Kf6 38. Re2 Rd7 39. Re5 Rb7 40. Rb5 Ra7 41. Rb6+ Kg7 42. Ne5 Re7 43. Rxg6+ Kh7 44. Rg5 Kh6 45. Rxf5 Rb7 46. Kc2 Rc7 47. Rf6+ Kg7 48. Rc6 Rb7 49. f5 Ba1 50. f6+ Kh7 51. f7 d3+ 52. Kxd3 Rxb3+ 53. Kc2 Rb2+ 54. Kd3 Rf2 55. Ke3 Rf5 56. Rc8 Kg7 57. Rg8+ Kh6 58. f8Q+ Rxf8 59. Rxf8 Bxe5 60. Rc8 h4 61. Ke4 Bb2 62. gxh4 Kh5 63. Rc5+ Kxh4 64. Rxa5 Kh3 65. Rd5 Bc1 66. Kf3 Kxh2 67. a5 1-0

[Event "Mumbai Mayors Cup 4th"]
[Site "Mumbai"]
[Date "2011.09.16"]
[Round "1"]
[White "Gupta, Rajesh RS"]
[Black "Shyam, Sundar M"]
[Result "0-1"]
[WhiteElo "1796"]
[BlackElo "2457"]
[PlyCount "106"]
[EventDate "2011.09.16"]
[EventType "swiss"]
[EventRounds "11"]
[EventCountry "IND"]
[SourceTitle "CBM 144 Extra"]
[Source "ChessBase"]
[SourceDate "2011.10.28"]
[SourceVersion "1"]
[SourceVersionDate "2011.10.28"]
[SourceQuality "1"]

1. c4 g6 2. Nc3 Bg7 3. g3 e5 4. Bg2 f5 5. d3 Nf6 6. Bg5 h6 7. Bxf6 Bxf6 8. Nd5 Bg7 9. e4 0-0 10. exf5 gxf5 11. Qh5 c6 12. Ne3 d6 13. Ne2 Qg5 14. Qxg5 hxg5 15. f4 exf4 16. gxf4 gxf4 17. Nd1 Re8 18. Kd2 Bh6 19. Bf3 Nd7 20. Ndc3 Ne5 21. Rhg1+ Kh7 22. Bh5 Re7 23. Nd4 f3+ 24. Kc2 Be3 25. Nxf3 Nxf3 26. Bxf3 Bxg1 27. Rxg1 Bd7 28. Kd2 Rg8 29. Rg3 Rxg3 30. hxg3 Kh6 31. Ne2 Kg5 32. b4 Rh7 33. a3 Rh2 34. Ke3 Be8 35. Nf4 Ra2 36. Ne6+ Kf6 37. Nd8 Rxa3 38. Nxb7 Ke7 39. c5 d5 40. Nd6 Bd7 41. b5 cxb5 42. Bxd5 b4 43. Nc4 Be6 44. Bxe6 Kxe6 45. Kd4 Ra1 46. c6 Rc1 47. Kc5 b3 48. d4 b2 49. d5+ Kf7 50. c7 b1Q 51. d6 Qb6+ 52. Kd5 Qb5+ 53. Kd4 Rxc4+ 0-1

[Event "New Delhi Parsvnath op 8th"]
[Site "New Delhi"]
[Date "2010.01.14"]
[Round "1"]
[White "Gupta, Rajesh RS"]
[Black "Thejkumar, MS."]
[Result "0-1"]
[WhiteElo "1812"]
[BlackElo "2435"]
[PlyCount "104"]
[EventDate "2010.01.14"]
[EventType "swiss"]
[EventRounds "11"]
[EventCountry "IND"]
[SourceTitle "CBM 134 Extra"]
[Source "ChessBase"]
[SourceDate "2010.03.03"]
[SourceVersion "1"]
[SourceVersionDate "2010.03.03"]
[SourceQuality "1"]

1. c4 e6 2. g3 d5 3. cxd5 exd5 4. d4 Nf6 5. Bg2 c6 6. Nf3 Bf5 7. Nc3 Bd6 8. 0-0 0-0 9. a3 h6 10. Re1 Re8 11. b4 Ne4 12. Bb2 Nd7 13. Nd2 Nb6 14. Ncxe4 dxe4 15. Qc2 Qe7 16. e3 a5 17. bxa5 Rxa5 18. Reb1 Ra7 19. Nc4 Nd5 20. Nxd6 Qxd6 21. Bc1 h5 22. Bd2 Qe6 23. a4 Bh3 24. Bh1 Bg4 25. Bb4 Ra6 26. a5 Bf3 27. Bc5 Qd7 28. Bxf3 exf3 29. Qd1 Nc3 30. Qxf3 Nxb1 31. Rxb1 Rxa5 32. Qxh5 Rea8 33. Kg2 Ra1 34. Qd1 Qd5+ 35. Kg1 Qa2 36. Rxa1 Qxa1 37. Qxa1 Rxa1+ 38. Kg2 b5 39. e4 Rb1 40. d5 cxd5 41. exd5 b4 42. d6 b3 43. f3 Rd1 44. Ba3 f6 45. Kf2 Rd5 46. h4 Kf7 47. Ke3 Rxd6 48. Bb2 Rd1 49. Ke2 Rb1 50. Bd4 b2 51. Kd2 Rd1+ 52. Kxd1 b1Q+ 0-1